| 000 | 01275cam a22003255a 4500 | ||
|---|---|---|---|
| 999 |
_c12909 _d12909 |
||
| 003 | EG-ScBUE | ||
| 005 | 20191224121853.0 | ||
| 008 | 091115r20042000enk f 000 0 eng d | ||
| 020 | _a0521564727 | ||
| 020 | _a9780521564670 | ||
| 040 |
_aEG-ScBUE _beng _erda _cEG-ScBUE _dEG-ScBUE |
||
| 082 | 0 | 4 |
_a428.24071 _bRIC _222 |
| 100 | 1 |
_aRichards, Jack C, _d1943- _eauthor. _99349 |
|
| 245 | 1 | 0 |
_aPassages : _ban upper-level multi-skills course. _n2, _pTeacher's manual / _cJack Richards, Chuck Sandy. |
| 246 | 3 | 0 | _aTeacher's manual |
| 250 | _3Sixth printing. | ||
| 264 | 1 |
_aCambridge, United Kingdom : _bCambridge University Press, _c2004. |
|
| 300 |
_axvii, 208 pages ; _c25 cm |
||
| 336 |
_2rdacontent _atext _btxt |
||
| 337 |
_2rdamedia _aunmediated _bn |
||
| 338 |
_2rdacarrier _avolume _bnc |
||
| 520 | _aThe Teacher's Manual provides clear and detailed instructions, along with suggestions for supplementary activities, listening scripts, and answer keys for the Student's Book. | ||
| 590 | _abasant ahmed | ||
| 650 | 7 |
_aEnglish language _vTextbooks for foreign speakers. _2BUEsh _99350 |
|
| 653 |
_bHHUUEENN _cDecember2019 |
||
| 655 | _vReading book | ||
| 700 | 1 |
_aSandy, Chuck, _eauthor. _914308 |
|
| 710 |
_aSandy, Chuck _99352 |
||
| 942 |
_cBB _k428.24 RIC _2ddc |
||